| 000 | 00656nam a2200181 4500 | ||
|---|---|---|---|
| 008 | s1986 enk b 00000 eng d | ||
| 020 | _a0856488739 USD8.00/Php192.80/202.95 | ||
| 090 |
_aHV41 _bSo1p |
||
| 245 | 0 | 0 |
_aSocial work : _ba Christian perspective / _cedited by Terry Philpot. |
| 260 |
_aTring, Herts., England : _bLion Publishing, _cc1986. |
||
| 300 |
_a160 p. ; _c20 cm. |
||
| 500 | _a"A Lion paperback." | ||
| 504 | _aIncludes bibliographical references. | ||
| 650 | 4 |
_aSocial service _xReligious aspects _xChristianity. |
|
| 700 | 1 | _aaPhilpot, Terry. | |
| 951 |
_p11286 _x00018994 _oHV41/So1p _j080910150122764 _d2000-12-21 _cGC |
||
| 999 |
_c32251 _d32251 |
||